Statistics for Important cities in Guatemala

Click here to take the quiz!

General Stats

  • This quiz has been taken 35 times
  • The average score is 4 of 7

Answer Stats

Reason for being important Country City % Correct
CapitalGuatemalaGuatemala City
100%
5th Largest cityGuatemalaQuetzaltenango
58%
2nd Largest cityGuatemalaMixco
50%
Main Atlantic portGuatemalaPuerto Barrios
50%
3rd Largest cityGuatemalaVilla Nueva
42%
Main Pacific portGuatemalaPuerto Quetzal
42%
4th Largest cityGuatemalaPetapa
17%

Score Distribution

Percentile by Number Answered

Percent of People with Each Score

Your Score History

You have not taken this quiz